Farmacología

Enregistré dans:
Détails bibliographiques
Auteurs principaux: Rang, Humphrey P (Auteur), Dale, M. Maureen (Auteur), Ritter, James M (Auteur), Flower, Rod J (Auteur)
Format: Livre
Langue:espagnol
Publié: Amsterdam, Holanda Elsevier 2008
Édition:Sexta edición
Sujets:
Accès en ligne:Disponible Online
Tags: Ajouter un tag
Pas de tags, Soyez le premier à ajouter un tag!

MARC

LEADER 00000nam a2200000 a 4500
001 UCH0370
003 CL-VaPUC
005 20250421145403.0
008 090312e20080000NE |||||||||||||||||spa|d
999 |c 332701  |d 332699 
020 |a 9788480863032 
040 |c Pontificia Universidad Católica de Valparaíso 
082 0 4 |a 615.1 RAN 2008  |2 21 
100 0 |a Rang, Humphrey P  |e author  |9 534521 
245 1 0 |a Farmacología 
250 |a Sexta edición  
260 |a Amsterdam, Holanda  |b Elsevier  |c 2008 
300 |a 830 páginas  
583 |a last modification  |c 20130105 12:52:57  |k Rodrigo Vera 
650 0 |a Farmacología   |9 269634 
650 0 |a Farmacocinética  |2 CL-VaPUC  |9 404599 
650 0 |a Farmacodinámica  |9 266815 
650 0 |a Farmacología clínica  |9 263034 
650 0 |a Quimioterapia   |2 CL-VaPUC  |9 534525 
650 0 |a Neurofarmacología  |2 CL-VaPUC  |9 324862 
700 0 |a Dale, M. Maureen  |e author  |9 534522 
700 0 |a Ritter, James M  |e author  |9 534523 
700 0 |a Flower, Rod J  |e author  |9 534524 
856 |u http://bibliografiadigital.pucv.cl.pucv.idm.oclc.org/index.php/bibliotecapucv/catalog/book/660  |y Disponible Online  
942 |c BK  |2 ddc 
945 |d 20090312 00:00:00  |a rbrito 
952 |0 0  |1 0  |4 0  |6 615_100000000000000_RAN_2008  |7 0  |8 A  |9 420569  |a BIBCUR  |b BIBCUR  |d 2019-11-22  |i 4515382  |o 615.1 RAN 2008  |p 4515382  |r 2025-04-22  |w 2019-11-22  |y BK  |k KIN 
952 |0 0  |1 0  |4 0  |6 615_100000000000000_RAN_2008  |7 0  |8 A  |9 420570  |a BIBCUR  |b BIBCUR  |d 2019-11-22  |i 4515390  |l 1  |o 615.1 RAN 2008  |p 4515390  |r 2025-04-22  |s 2022-03-22  |w 2019-11-22  |y BK  |k KIN 
952 |0 0  |1 0  |4 0  |6 615_100000000000000_RAN_2008  |7 0  |8 A  |9 420571  |a BIBCUR  |b BIBCUR  |d 2019-11-22  |i 4515404  |l 1  |o 615.1 RAN 2008  |p 4515404  |r 2025-04-22  |s 2025-03-10  |w 2019-11-22  |y BK  |k KIN 
952 |0 0  |1 0  |4 0  |6 615_100000000000000_RAN_2008  |7 0  |8 A  |9 420572  |a BIBCUR  |b BIBCUR  |d 2019-11-22  |i 4515412  |o 615.1 RAN 2008  |p 4515412  |r 2025-04-22  |w 2019-11-22  |y BK  |k KIN 
952 |0 0  |1 0  |4 0  |6 615_100000000000000_RAN_2008  |7 0  |8 A  |9 420573  |a BIBCUR  |b BIBCUR  |d 2019-11-22  |i 4755790  |l 1  |o 615.1 RAN 2008  |p 4755790  |r 2025-04-22  |s 2023-06-19  |w 2019-11-22  |y BK  |k KIN 
952 |0 0  |1 0  |4 0  |6 615_100000000000000_RAN_2008  |7 0  |8 A  |9 420574  |a BIBCUR  |b BIBCUR  |d 2019-11-22  |i 4755804  |l 2  |o 615.1 RAN 2008  |p 4755804  |r 2025-04-22  |s 2023-10-03  |w 2019-11-22  |y BK  |k KIN